| 000 | 00391nam a2200145Ia 4500 | ||
|---|---|---|---|
| 008 | 230312s9999||||xx |||||||||||||| ||und|| | ||
| 082 |
_a657 _bABB-F |
||
| 100 | _aAbbas, Farhat. | ||
| 245 | 0 | _aFinancial Accounting B.Com - 1 | |
| 260 |
_bNadeem Book Fort _aLahore _c2009 |
||
| 300 | _a180 | ||
| 546 | _aEng. | ||
| 650 |
_aAccounting _vUnsolved Model Papers , Solved Model Papers |
||
| 942 | _cBK | ||
| 999 |
_c4911 _d4911 |
||